Threat of Insufficient Progress of the Digital Economy Due to the Lack of Croatian, Slovak and European IT University Students
Cieľom štúdie je zistiť, či je o vysokoškolské štúdium IKT medzi mladými ľuďmi záujem a či nedostatok študentov môže v budúcnosti ohroziť digitálnu ekonomiku, a tým ovplyvniť ekonomiku decouplingu.
Gespeichert in:
| 1. Verfasser: | |
|---|---|
| Weitere Verfasser: | |
| Format: | Buchkapitel |
| Sprache: | Englisch |
| Schlagworte: | |
| Tags: |
Keine Tags, Fügen Sie das erste Tag hinzu!
|
MARC
| LEADER | 00000naa$a2200000$$$4500 | ||
|---|---|---|---|
| 001 | 0302939 | ||
| 005 | 20250902110619.0 | ||
| 041 | 0 | |a eng | |
| 044 | |a HR | ||
| 245 | 1 | 0 | |a Threat of Insufficient Progress of the Digital Economy Due to the Lack of Croatian, Slovak and European IT University Students |c Nina Kocúrová, Róbert Hanák |
| 520 | |a Cieľom štúdie je zistiť, či je o vysokoškolské štúdium IKT medzi mladými ľuďmi záujem a či nedostatok študentov môže v budúcnosti ohroziť digitálnu ekonomiku, a tým ovplyvniť ekonomiku decouplingu. | ||
| 610 | 2 | 0 | |a ekonomika digitálna |
| 610 | 2 | 0 | |a technológie nové |
| 610 | 2 | 0 | |a technológie informačné |
| 610 | 2 | 0 | |a technológie komunikačné |
| 610 | 2 | 0 | |a vysokoškoláci |
| 610 | 2 | 0 | |a pokrok vedeckotechnický |
| 100 | 1 | |a Kocúrová, Nina, 1997- | |
| 700 | 1 | |a Hanák, Róbert, 1979- | |